ANTI DEFECTION LAWS CONSTITUTIONAL RESTRICTION OR LICENCE (Record no. 34063)

MARC details
000 -LEADER
fixed length control field 00269nam a22001217a 4500
003 - CONTROL NUMBER IDENTIFIER
control field SGT
082 ## - DEWEY DECIMAL CLASSIFICATION NUMBER
Classification number 340
Item number SHA
100 ## - MAIN ENTRY--PERSONAL NAME
Personal name SHARMA RAGHUNANDAN
245 ## - TITLE STATEMENT
Title ANTI DEFECTION LAWS CONSTITUTIONAL RESTRICTION OR LICENCE
260 ## - PUBLICATION, DISTRIBUTION, ETC. (IMPRINT)
Year of Publication 2021
300 ## - PAGE DESCRIPTION
No. of Pages 39
942 ## - ADDED ENTRY ELEMENTS (KOHA)
Source of classification or shelving scheme Dewey Decimal Classification
Koha item type Thesis/Dissertation
Holdings
Withdrawn status Lost status Source of classification or shelving scheme Damaged status Not for loan Collection code Home library Current library Date acquired SGTU Full call number Accession No. (Barcode) Date last seen Bill Date Koha item type
    Dewey Decimal Classification   Not For Loan LAW SGT Science & Social Sciences Library SGT Science & Social Sciences Library 11/02/2026 SGTU 340 SHA DT2557 11/02/2026 11/02/2026 Thesis/Dissertation